00694nam a2200217 a 450000100060000000300080000600500170001400800410003103500190007204000320009104100080012308200260013110000170015724500510017426000520022530000280027749000670030550400250037265000130039783000660041073858BD-RjUL20211209082444.0170613s1967 enka 000 0 eng d a(BD-RjUL)74076 aUKMcUKMdOCLdBD-RjULbeng aeng0 a530.425223bTHP 19671 aThain, J. F.10aPrinciples of osmotic phenomena /cJ.F. Thain. aLondon :bRoyal Institute of Chemistry,cc1967. a69 p. :bill. ;c22 cm.1 aRoyal Institute of Chemistry monographs for teachers ;vno. 13 aBibliography: p. 69. 0aOsmosis. 0aRoyal Society of Chemistry monographs for teachers ;vno. 13.